[Event "PRAGUE OPEN 2020 - A - IM open"]
[Site "?"]
[Date "2020.01.16"]
[Round "7"]
[White "Vignesh, B"]
[Black "Domogaev, Sergey"]
[Result "1-0"]
[BlackElo "2334"]
[WhiteElo "2250"]
[LiveChessVersion "1.4.8"]

1. e4 {[%clk 1:30:56]} e5 {[%clk 1:30:53]} 2. Nf3 {[%clk 1:31:18]} Nc6
{[%clk 1:30:53]} 3. Bc4 {[%clk 1:31:39]} Nf6 {[%clk 1:31:18]} 4. d3
{[%clk 1:32:00]} h6 {[%clk 1:29:22]} 5. c3 {[%clk 1:32:07]} d6 {[%clk 1:29:05]}
6. Bb3 {[%clk 1:31:42]} g6 {[%clk 1:29:25]} 7. O-O {[%clk 1:31:35]} Bg7
{[%clk 1:29:52]} 8. Re1 {[%clk 1:30:37]} O-O {[%clk 1:30:15]} 9. Nbd2
{[%clk 1:29:41]} Nh5 {[%clk 1:11:47]} 10. Nf1 {[%clk 1:27:11]} a6
{[%clk 1:06:07]} 11. h3 {[%clk 1:23:54]} Be6 {[%clk 1:01:17]} 12. d4
{[%clk 1:19:57]} Bxb3 {[%clk 0:59:51]} 13. Qxb3 {[%clk 1:18:33]} exd4
{[%clk 0:54:11]} 14. cxd4 {[%clk 1:19:01]} Nxd4 {[%clk 0:54:34]} 15. Nxd4
{[%clk 1:19:13]} Bxd4 {[%clk 0:54:50]} 16. Bxh6 {[%clk 1:19:06]} Qh4
{[%clk 0:52:09]} 17. Be3 {[%clk 1:19:12]} Bxe3 {[%clk 0:52:10]} 18. Nxe3
{[%clk 1:18:07]} Rab8 {[%clk 0:46:02]} 19. Rac1 {[%clk 1:13:53]} c6
{[%clk 0:45:28]} 20. Nc4 {[%clk 1:14:04]} Rfd8 {[%clk 0:42:54]} 21. Rcd1
{[%clk 1:13:17]} d5 {[%clk 0:33:16]} 22. exd5 {[%clk 1:09:35]} cxd5
{[%clk 0:33:36]} 23. Ne3 {[%clk 1:09:21]} Nf6 {[%clk 0:29:43]} 24. Nxd5
{[%clk 1:09:11]} Nxd5 {[%clk 0:30:06]} 25. Rxd5 {[%clk 1:09:34]} Rxd5
{[%clk 0:30:30]} 26. Qxd5 {[%clk 1:10:00]} Qf6 {[%clk 0:30:47]} 27. Qe5
{[%clk 1:01:36]} Qxe5 {[%clk 0:31:04]} 28. Rxe5 {[%clk 1:02:05]} Rc8
{[%clk 0:31:14]} 29. Re2 {[%clk 1:01:40]} Kf8 {[%clk 0:30:20]} 30. Kh2
{[%clk 1:01:25]} Rc5 {[%clk 0:30:07]} 31. Kg3 {[%clk 1:01:33]} Rg5+
{[%clk 0:30:26]} 32. Kf3 {[%clk 1:01:32]} Rc5 {[%clk 0:28:32]} 33. Re3
{[%clk 0:58:27]} Rc2 {[%clk 0:28:33]} 34. Re2 {[%clk 0:58:55]} Rc5
{[%clk 0:28:53]} 35. a3 {[%clk 0:58:27]} Kg7 {[%clk 0:28:03]} 36. Ke4
{[%clk 0:58:10]} Rg5 {[%clk 0:21:14]} 37. g3 {[%clk 0:57:31]} Rc5
{[%clk 0:20:59]} 38. Kd4 {[%clk 0:57:43]} Rc1 {[%clk 0:20:56]} 39. h4
{[%clk 0:56:18]} Kf6 {[%clk 0:19:41]} 40. Kd5 {[%clk 0:54:09]} Rc7
{[%clk 0:18:48]} 41. a4 {[%clk 0:50:07]} Rc1 {[%clk 0:04:15]} 42. Re4
{[%clk 0:48:37]} a5 {[%clk 0:03:10]} 43. Rc4 {[%clk 0:46:46]} Rb1
{[%clk 0:03:21]} 44. Rc2 {[%clk 0:46:52]} Re1 {[%clk 0:29:54]} 45. Kc5
{[%clk 1:16:36]} Re4 {[%clk 0:28:56]} 46. Kb5 {[%clk 1:16:57]} Rb4+
{[%clk 0:29:08]} 47. Kxa5 {[%clk 1:16:40]} Rb3 {[%clk 0:29:33]} 48. Rc4
{[%clk 1:08:00]} b6+ {[%clk 0:25:00]} 49. Ka6 {[%clk 1:08:29]} Rxb2
{[%clk 0:25:23]} 50. Rc6+ {[%clk 1:08:35]} Kf5 {[%clk 0:25:46]} 51. Rxb6
{[%clk 1:08:48]} Rxf2 {[%clk 0:26:11]} 52. Rb3 {[%clk 1:09:02]} Kg4
{[%clk 0:26:15]} 53. a5 {[%clk 1:08:53]} f5 {[%clk 0:26:41]} 54. Kb7
{[%clk 1:08:45]} f4 {[%clk 0:26:54]} 55. gxf4 {[%clk 1:08:56]} Rxf4
{[%clk 0:27:19]} 56. Rb6 {[%clk 1:08:14]} Kf5 {[%clk 0:26:59]} 57. Rb5+
{[%clk 1:08:04]} Kf6 {[%clk 0:26:24]} 58. h5 {[%clk 1:08:23]} gxh5
{[%clk 0:26:50]} 59. Rxh5 {[%clk 1:08:47]} Ke6 {[%clk 0:27:01]} 60. a6
{[%clk 1:08:28]} 1-0

[Event "PRAGUE OPEN 2020 - A - IM open"]
[Site "?"]
[Date "2020.01.16"]
[Round "7"]
[White "Vokac, Marek"]
[Black "Wang, Yukun"]
[Result "1/2-1/2"]
[BlackElo "1990"]
[WhiteElo "2334"]
[LiveChessVersion "1.4.8"]

1. Nf3 {[%clk 1:30:55]} Nf6 {[%clk 1:28:00]} 2. c4 {[%clk 1:31:05]} c6
{[%clk 1:28:27]} 3. b3 {[%clk 1:31:14]} d5 {[%clk 1:27:17]} 4. Bb2
{[%clk 1:31:34]} g6 {[%clk 1:27:04]} 5. g3 {[%clk 1:31:08]} Bg7 {[%clk 1:27:20]}
6. Bg2 {[%clk 1:31:29]} O-O {[%clk 1:26:45]} 7. O-O {[%clk 1:31:54]} a5
{[%clk 1:27:13]} 8. d3 {[%clk 1:24:39]} Na6 {[%clk 1:26:47]} 9. a3
{[%clk 1:17:18]} Bg4 {[%clk 1:09:44]} 10. Nbd2 {[%clk 1:15:15]} Bxf3
{[%clk 1:09:12]} 11. Bxf3 {[%clk 1:14:50]} e6 {[%clk 1:09:29]} 12. Qc2
{[%clk 1:12:45]} Nd7 {[%clk 1:06:09]} 13. Bxg7 {[%clk 1:07:33]} Kxg7
{[%clk 1:06:38]} 14. Qb2+ {[%clk 1:03:22]} Qf6 {[%clk 1:04:58]} 15. Qxf6+
{[%clk 0:58:21]} Nxf6 {[%clk 1:00:14]} 16. d4 {[%clk 0:47:50]} Rfd8
{[%clk 1:00:01]} 17. cxd5 {[%clk 0:46:55]} Nxd5 {[%clk 0:59:59]} 18. Nc4
{[%clk 0:45:29]} Nac7 {[%clk 0:59:56]} 19. Rfc1 {[%clk 0:43:02]} h5
{[%clk 0:59:08]} 20. h4 {[%clk 0:42:12]} Ra6 {[%clk 0:58:12]} 21. e3
{[%clk 0:37:09]} Nb5 {[%clk 0:57:12]} 22. Rc2 {[%clk 0:32:17]} Kf8 23. Nb2 Raa8
{[%clk 0:56:37]} 24. Na4 {[%clk 0:32:16]} Ndc7 {[%clk 0:55:21]} 25. Nc5
{[%clk 0:31:37]} Ra7 {[%clk 0:55:13]} 26. Nd3 {[%clk 0:20:52]} Nd6
{[%clk 0:55:21]} 27. Nc5 {[%clk 0:21:07]} Ndb5 {[%clk 0:55:16]} 28. Be2
{[%clk 0:20:36]} Ke7 29. Nd3 Raa8 {[%clk 0:55:14]} 30. Ne5 {[%clk 0:20:28]} Nd6
{[%clk 0:55:25]} 31. Bd3 {[%clk 0:19:12]} Nd5 {[%clk 0:55:20]} 32. Rac1
{[%clk 0:19:09]} Nf6 {[%clk 0:55:06]} 33. Kg2 {[%clk 0:18:35]} Nd7
{[%clk 0:54:21]} 34. Nxd7 {[%clk 0:17:12]} Rxd7 {[%clk 0:54:46]} 35. Kf3
{[%clk 0:17:27]} Ne8 {[%clk 0:55:05]} 36. Ke2 {[%clk 0:13:44]} Nf6
{[%clk 0:55:03]} 37. Rc5 {[%clk 0:13:15]} Nd5 {[%clk 0:55:03]} 38. f3
{[%clk 0:11:51]} Nf6 {[%clk 0:55:13]} 39. R1c2 {[%clk 0:07:34]} Rdd8
{[%clk 0:55:34]} 40. Rb2 {[%clk 0:06:25]} Nd7 {[%clk 0:55:21]} 41. Rc1
{[%clk 0:01:33]} Kd6 {[%clk 0:54:55]} 42. Rd2 {[%clk 0:00:49]} Ke7
{[%clk 0:55:04]} 43. f4 {[%clk 0:16:58]} 1/2-1/2

[Event "PRAGUE OPEN 2020 - A - IM open"]
[Site "?"]
[Date "2020.01.16"]
[Round "7"]
[White "Douriet Duany, Alexis"]
[Black "Cernousek, Lukas"]
[Result "0-1"]
[BlackElo "2447"]
[WhiteElo "2212"]
[LiveChessVersion "1.4.8"]

1. d4 {[%clk 1:30:52]} c5 {[%clk 1:30:47]} 2. e3 {[%clk 1:30:33]} Nf6
{[%clk 1:30:50]} 3. Nf3 {[%clk 1:30:43]} g6 {[%clk 1:30:35]} 4. dxc5
{[%clk 1:27:15]} Qa5+ {[%clk 1:25:28]} 5. Nbd2 {[%clk 1:26:14]} Bg7
{[%clk 1:22:59]} 6. Be2 {[%clk 1:26:24]} O-O {[%clk 1:19:43]} 7. a3
{[%clk 1:21:22]} Qxc5 {[%clk 1:18:53]} 8. b4 {[%clk 1:21:07]} Qb6
{[%clk 1:02:26]} 9. Bb2 {[%clk 1:20:15]} d6 {[%clk 1:01:57]} 10. O-O
{[%clk 1:18:24]} Bd7 {[%clk 1:02:17]} 11. c4 {[%clk 1:17:55]} Rc8
{[%clk 0:58:22]} 12. Qb3 {[%clk 1:13:04]} a5 {[%clk 0:57:50]} 13. Ng5
{[%clk 1:00:05]} Qd8 {[%clk 0:56:59]} 14. c5 {[%clk 0:51:50]} d5 {[%clk 0:57:27]}
15. e4 {[%clk 0:35:32]} h6 {[%clk 0:57:54]} 16. Nxf7 {[%clk 0:35:08]} Kxf7
{[%clk 0:58:22]} 17. exd5 {[%clk 0:34:34]} Kf8 {[%clk 0:43:04]} 18. Bc4
{[%clk 0:25:16]} axb4 {[%clk 0:38:03]} 19. axb4 {[%clk 0:25:02]} Rxa1
{[%clk 0:38:12]} 20. Rxa1 {[%clk 0:25:01]} Be8 {[%clk 0:38:12]} 21. Nf3
{[%clk 0:14:29]} b5 {[%clk 0:29:42]} 22. cxb6 {[%clk 0:14:51]} Qxb6
{[%clk 0:30:06]} 23. Bd4 {[%clk 0:12:12]} Qc7 {[%clk 0:06:19]} 24. Bc5
{[%clk 0:11:14]} Nfd7 {[%clk 0:02:59]} 25. Ra7 {[%clk 0:11:16]} Qf4
{[%clk 0:03:20]} 26. g3 {[%clk 0:10:39]} Qc1+ {[%clk 0:03:42]} 27. Kg2
{[%clk 0:11:00]} Nxc5 {[%clk 0:03:56]} 28. bxc5 {[%clk 0:11:22]} Rxc5
{[%clk 0:04:19]} 29. Qxb8 {[%clk 0:07:07]} Qxc4 {[%clk 0:04:38]} 30. Ra8
{[%clk 0:07:27]} Qb5 {[%clk 0:04:37]} 31. Qf4+ {[%clk 0:05:31]} Kg8
{[%clk 0:05:05]} 32. Qe4 {[%clk 0:02:04]} Qd7 {[%clk 0:01:42]} 33. Qxg6
{[%clk 0:01:22]} Rc8 {[%clk 0:02:03]} 34. Rxc8 {[%clk 0:01:12]} Qxc8
{[%clk 0:02:32]} 35. Qe4 {[%clk 0:01:30]} Qd7 {[%clk 0:01:06]} 36. Ne5
{[%clk 0:00:39]} Bxe5 {[%clk 0:01:22]} 37. Qxe5 {[%clk 0:01:07]} Bf7
{[%clk 0:01:44]} 38. Qb8+ {[%clk 0:01:22]} Kh7 {[%clk 0:02:08]} 39. Qb1+ Bg6
{[%clk 0:02:31]} 40. Qd1 {[%clk 0:01:15]} Be4+ {[%clk 0:02:54]} 41. f3
{[%clk 0:01:39]} Bxd5 {[%clk 0:30:09]} 42. Qd3+ {[%clk 0:31:37]} Kg7
{[%clk 0:28:59]} 43. Qc3+ {[%clk 0:31:17]} Kg8 {[%clk 0:27:22]} 44. h4
{[%clk 0:28:01]} Qe6 {[%clk 0:22:14]} 45. Kf2 {[%clk 0:28:06]} Qh3
{[%clk 0:12:08]} 46. Qe5 {[%clk 0:25:05]} Qh2+ {[%clk 0:07:51]} 47. Ke3
{[%clk 0:23:31]} Qg1+ {[%clk 0:08:20]} 48. Kf4 {[%clk 0:23:17]} Qc1+
{[%clk 0:08:42]} 49. Kg4 {[%clk 0:20:48]} Qc5 {[%clk 0:04:24]} 50. Qb8+
{[%clk 0:16:07]} Kh7 {[%clk 0:04:49]} 51. Qb1+ {[%clk 0:15:18]} Kg7
{[%clk 0:05:17]} 52. Qb2+ {[%clk 0:15:16]} Kf7 {[%clk 0:05:45]} 53. Qh8
{[%clk 0:07:51]} Qc4+ {[%clk 0:04:56]} 54. Kh3 {[%clk 0:06:23]} Qf1+
{[%clk 0:05:24]} 55. Kh2 {[%clk 0:06:14]} Qf2+ {[%clk 0:05:51]} 0-1

[Event "PRAGUE OPEN 2020 - A - IM open"]
[Site "?"]
[Date "2020.01.16"]
[Round "7"]
[White "Laxman, R.R."]
[Black "Riha, Vojtech"]
[Result "1-0"]
[BlackElo "2247"]
[WhiteElo "2441"]
[LiveChessVersion "1.4.8"]

1. d4 {[%clk 1:30:55]} Nf6 {[%clk 1:30:52]} 2. Nf3 {[%clk 1:31:21]} g6
{[%clk 1:30:55]} 3. Nbd2 {[%clk 1:31:23]} d5 {[%clk 1:28:49]} 4. e3
{[%clk 1:31:44]} Bg7 {[%clk 1:28:47]} 5. b4 {[%clk 1:32:07]} a5 {[%clk 1:26:15]}
6. b5 {[%clk 1:32:27]} c5 {[%clk 1:22:52]} 7. bxc6 {[%clk 1:31:08]} Nxc6
{[%clk 1:22:46]} 8. Bb5 {[%clk 1:27:17]} O-O {[%clk 1:22:12]} 9. O-O
{[%clk 1:27:39]} Ne8 {[%clk 1:18:47]} 10. Ba3 {[%clk 1:26:51]} Bd7
{[%clk 1:15:21]} 11. Rb1 {[%clk 1:25:52]} Nc7 {[%clk 1:12:29]} 12. Bd3
{[%clk 1:26:11]} Rb8 {[%clk 1:11:10]} 13. Nb3 {[%clk 1:21:00]} b5
{[%clk 1:08:26]} 14. Nc5 {[%clk 1:21:19]} Bc8 {[%clk 1:07:02]} 15. c3
{[%clk 1:20:47]} Re8 {[%clk 1:05:13]} 16. Qe2 {[%clk 1:21:11]} b4
{[%clk 0:56:22]} 17. cxb4 {[%clk 1:21:12]} axb4 {[%clk 0:56:41]} 18. Bb2
{[%clk 1:21:41]} Qd6 {[%clk 0:54:45]} 19. Rfc1 {[%clk 1:21:40]} Bg4
{[%clk 0:49:50]} 20. Qc2 {[%clk 1:20:09]} Bxf3 {[%clk 0:47:52]} 21. gxf3
{[%clk 1:20:37]} e5 {[%clk 0:40:07]} 22. Nd7 {[%clk 1:18:27]} Qxd7
{[%clk 0:33:24]} 23. Qxc6 {[%clk 1:18:44]} Qxc6 {[%clk 0:25:20]} 24. Rxc6
{[%clk 1:19:12]} Nb5 {[%clk 0:25:10]} 25. dxe5 {[%clk 1:18:25]} Na3
{[%clk 0:24:00]} 26. Rd1 {[%clk 1:11:49]} Nc4 {[%clk 0:19:59]} 27. Bxc4
{[%clk 1:11:55]} dxc4 {[%clk 0:20:25]} 28. Rxc4 {[%clk 1:12:10]} Bxe5
{[%clk 0:20:45]} 29. Bxe5 {[%clk 1:12:22]} Rxe5 {[%clk 0:21:10]} 30. Rd7
{[%clk 1:11:48]} b3 {[%clk 0:20:11]} 31. axb3 {[%clk 1:12:16]} Rxb3
{[%clk 0:20:33]} 32. f4 {[%clk 1:11:00]} Rf5 {[%clk 0:20:04]} 33. Kg2
{[%clk 1:10:15]} Kg7 {[%clk 0:10:16]} 34. Kg3 {[%clk 1:08:46]} Ra3
{[%clk 0:10:00]} 35. Rcc7 {[%clk 1:08:52]} Rb3 {[%clk 0:09:42]} 36. Re7
{[%clk 1:09:06]} h5 {[%clk 0:05:47]} 37. f3 {[%clk 1:09:16]} Rf6 {[%clk 0:05:05]}
38. h4 {[%clk 1:08:56]} Kg8 {[%clk 0:00:43]} 39. e4 {[%clk 1:09:00]} Ra6
{[%clk 0:00:34]} 40. Rxf7 {[%clk 1:07:25]} Raa3 {[%clk 0:00:46]} 41. Rg7+
{[%clk 1:07:51]} Kh8 {[%clk 0:29:20]} 42. Rgd7 {[%clk 1:37:35]} Rb8
{[%clk 0:22:13]} 43. e5 {[%clk 1:34:56]} Ra1 {[%clk 0:21:11]} 44. e6
{[%clk 1:34:42]} Rg1+ {[%clk 0:20:11]} 45. Kf2 {[%clk 1:35:10]} 1-0

[Event "PRAGUE OPEN 2020 - A - IM open"]
[Site "?"]
[Date "2020.01.16"]
[Round "7"]
[White "Quesada Vera, Liordis"]
[Black "Wiley, Tom E"]
[Result "1/2-1/2"]
[BlackElo "2170"]
[WhiteElo "2386"]
[LiveChessVersion "1.4.8"]

1. e4 {[%clk 1:30:48]} e6 {[%clk 1:30:56]} 2. c4 {[%clk 1:31:13]} d5
{[%clk 1:30:03]} 3. cxd5 {[%clk 1:31:33]} exd5 {[%clk 1:30:30]} 4. Qa4+
{[%clk 1:31:55]} c6 {[%clk 1:24:51]} 5. exd5 {[%clk 1:24:17]} Qxd5
{[%clk 1:25:11]} 6. Nc3 {[%clk 1:24:41]} Qd6 {[%clk 1:25:14]} 7. Nf3
{[%clk 1:24:00]} Nf6 {[%clk 1:21:47]} 8. d4 {[%clk 1:16:34]} Nbd7
{[%clk 1:10:47]} 9. Be2 {[%clk 1:13:06]} Be7 {[%clk 1:10:07]} 10. O-O
{[%clk 1:12:42]} O-O {[%clk 1:10:33]} 11. Qc2 {[%clk 1:12:08]} Nb6
{[%clk 1:10:02]} 12. Rd1 {[%clk 1:11:17]} Bg4 {[%clk 1:08:41]} 13. Ne5
{[%clk 1:02:25]} Bxe2 {[%clk 1:08:50]} 14. Nxe2 {[%clk 1:02:52]} Nbd5
{[%clk 1:06:51]} 15. Ng3 {[%clk 0:56:23]} Rfe8 {[%clk 0:55:48]} 16. Bg5
{[%clk 0:53:32]} Bf8 {[%clk 0:51:42]} 17. Nf5 {[%clk 0:41:23]} Qe6
{[%clk 0:46:31]} 18. Re1 {[%clk 0:38:52]} Nb4 {[%clk 0:30:32]} 19. Qb1
{[%clk 0:39:06]} Nfd5 {[%clk 0:30:00]} 20. a3 {[%clk 0:25:56]} Na6
{[%clk 0:30:06]} 21. b4 {[%clk 0:24:54]} f6 {[%clk 0:27:44]} 22. Nf3
{[%clk 0:25:11]} Qd7 {[%clk 0:27:54]} 23. Bd2 {[%clk 0:25:32]} Rxe1+
{[%clk 0:27:03]} 24. Nxe1 {[%clk 0:25:57]} Nac7 {[%clk 0:27:23]} 25. Ng3
{[%clk 0:21:47]} Ne6 {[%clk 0:25:44]} 26. Nf3 {[%clk 0:21:56]} Ndc7
{[%clk 0:24:02]} 27. Be3 {[%clk 0:19:51]} Nb5 {[%clk 0:21:09]} 28. Qb2
{[%clk 0:12:48]} Rd8 {[%clk 0:17:36]} 29. Ne2 {[%clk 0:10:38]} Nbc7
{[%clk 0:15:08]} 30. h3 {[%clk 0:10:22]} Nd5 {[%clk 0:15:00]} 31. Ng3
{[%clk 0:09:50]} a6 {[%clk 0:12:11]} 32. Ne4 {[%clk 0:08:43]} Qf7
{[%clk 0:11:35]} 33. Nc5 {[%clk 0:08:46]} Bxc5 {[%clk 0:11:49]} 34. bxc5
{[%clk 0:08:56]} Rd7 {[%clk 0:11:22]} 35. Re1 {[%clk 0:07:40]} Qg6
{[%clk 0:07:37]} 36. Qb3 {[%clk 0:07:52]} Kf8 {[%clk 0:07:40]} 37. Kh2
{[%clk 0:07:08]} Re7 {[%clk 0:03:38]} 38. Bd2 {[%clk 0:01:09]} Qf7
{[%clk 0:02:46]} 39. Qc2 {[%clk 0:01:19]} Qg6 {[%clk 0:01:44]} 40. Qb3
{[%clk 0:01:48]} Qf7 {[%clk 0:02:06]} 41. a4 {[%clk 0:01:20]} Qe8
{[%clk 0:30:26]} 42. Qd3 {[%clk 0:23:16]} Qg6 {[%clk 0:29:00]} 43. Qc4
{[%clk 0:18:47]} Qe8 {[%clk 0:22:33]} 44. Rb1 {[%clk 0:16:43]} Nd8
{[%clk 0:20:42]} 45. Rb3 {[%clk 0:16:07]} Nf7 {[%clk 0:19:49]} 46. Qd3
{[%clk 0:16:10]} g6 {[%clk 0:20:11]} 47. Qb1 {[%clk 0:16:22]} Qd7
{[%clk 0:18:48]} 48. Kg1 {[%clk 0:16:39]} Kg7 {[%clk 0:19:02]} 49. Be3
{[%clk 0:15:57]} f5 {[%clk 0:18:01]} 50. Bd2 {[%clk 0:15:44]} f4 {[%clk 0:17:04]}
51. Kf1 {[%clk 0:12:27]} g5 {[%clk 0:16:57]} 52. Qd3 {[%clk 0:12:19]} Qe6
{[%clk 0:16:48]} 53. Kg1 {[%clk 0:12:05]} h6 {[%clk 0:14:45]} 54. Qb1
{[%clk 0:12:30]} Qd7 {[%clk 0:14:59]} 55. Ba5 {[%clk 0:12:27]} Nf6
{[%clk 0:14:30]} 56. Bc3 {[%clk 0:07:44]} Nd5 {[%clk 0:14:55]} 57. Bb2
{[%clk 0:07:32]} Kf6 {[%clk 0:09:45]} 58. Ba1 {[%clk 0:07:53]} Qf5
{[%clk 0:07:31]} 59. Qd1 {[%clk 0:07:45]} Rd7 {[%clk 0:05:39]} 60. Qe2
{[%clk 0:07:14]} Re7 {[%clk 0:05:27]} 61. Ne5 {[%clk 0:06:16]} Nxe5
{[%clk 0:05:27]} 62. dxe5+ {[%clk 0:06:43]} Ke6 {[%clk 0:04:36]} 63. Bd4
{[%clk 0:06:40]} Rh7 {[%clk 0:02:24]} 64. Qb2 {[%clk 0:05:17]} Qf7
{[%clk 0:02:47]} 65. Qb1 {[%clk 0:05:40]} Rg7 {[%clk 0:03:07]} 66. Kh2
{[%clk 0:05:49]} h5 {[%clk 0:02:57]} 67. Qd1 {[%clk 0:02:46]} g4 {[%clk 0:03:04]}
68. h4 {[%clk 0:02:35]} Qe7 {[%clk 0:02:56]} 69. g3 {[%clk 0:02:42]} f3
{[%clk 0:03:06]} 70. Qd2 {[%clk 0:02:54]} Rg6 {[%clk 0:03:00]} 71. Qc2
{[%clk 0:03:22]} Rg7 {[%clk 0:03:14]} 72. Qc1 {[%clk 0:03:50]} Rg6
{[%clk 0:03:38]} 73. Rb2 {[%clk 0:03:33]} Qf7 {[%clk 0:03:48]} 74. Kg1
{[%clk 0:02:18]} Qe7 {[%clk 0:03:54]} 75. Qc4 {[%clk 0:02:02]} Qf7
{[%clk 0:04:06]} 76. Be3 {[%clk 0:02:07]} Rg7 {[%clk 0:03:23]} 77. Bh6
{[%clk 0:01:55]} Rh7 {[%clk 0:02:51]} 78. Bg5 {[%clk 0:02:16]} Qf5
{[%clk 0:01:58]} 79. Bf6 {[%clk 0:02:39]} Rd7 {[%clk 0:02:01]} 80. Kh2
{[%clk 0:01:45]} Qg6 {[%clk 0:01:00]} 81. Rb4 {[%clk 0:01:34]} Rf7
{[%clk 0:01:04]} 82. Qb3 {[%clk 0:01:59]} Qh7 {[%clk 0:01:31]} 83. Kg1
{[%clk 0:00:55]} Kf5 {[%clk 0:01:28]} 84. Qb1+ {[%clk 0:00:54]} Ke6
{[%clk 0:01:54]} 85. Qb3 {[%clk 0:00:55]} Kf5 {[%clk 0:02:19]} 86. Rd4
{[%clk 0:01:04]} Ke6 {[%clk 0:01:57]} 87. Qa2 {[%clk 0:00:44]} Rd7
{[%clk 0:02:08]} 88. Kh2 {[%clk 0:00:58]} Qg6 {[%clk 0:02:24]} 89. Qb3
{[%clk 0:00:53]} Qh7 {[%clk 0:02:39]} 90. Bg5 {[%clk 0:01:11]} Qg6
{[%clk 0:02:08]} 91. Rf4 {[%clk 0:00:53]} Rf7 {[%clk 0:02:27]} 92. Rb4
{[%clk 0:00:36]} Qh7 {[%clk 0:02:48]} 93. Be3 {[%clk 0:00:41]} Rd7
{[%clk 0:03:09]} 94. Bc1 {[%clk 0:00:43]} Rf7 {[%clk 0:03:21]} 95. Qc4
{[%clk 0:00:38]} Qg6 {[%clk 0:03:38]} 96. a5 {[%clk 0:00:43]} Rd7
{[%clk 0:03:55]} 97. Qb3 {[%clk 0:00:45]} Qh7 {[%clk 0:04:20]} 98. Bg5
{[%clk 0:00:53]} Rf7 {[%clk 0:04:39]} 99. Rd4 {[%clk 0:01:12]} Rd7
{[%clk 0:04:53]} 100. Bf6 {[%clk 0:01:36]} Qg6 {[%clk 0:04:42]} 101. Qa2
{[%clk 0:01:40]} Qh7 {[%clk 0:04:50]} 102. Rf4 {[%clk 0:01:58]} Rf7
{[%clk 0:05:04]} 103. Qb3 {[%clk 0:01:57]} Qg6 {[%clk 0:05:28]} 104. Bg5
{[%clk 0:01:54]} Rxf4 {[%clk 0:04:22]} 105. gxf4 {[%clk 0:02:19]} Qf7
{[%clk 0:04:42]} 106. Kg3 {[%clk 0:02:02]} Kf5 {[%clk 0:03:49]} 107. Bf6
{[%clk 0:02:05]} Ke6 {[%clk 0:03:31]} 108. Bg5 {[%clk 0:00:42]} Kf5
{[%clk 0:03:14]} 109. Kh2 {[%clk 0:00:42]} Ke6 {[%clk 0:02:42]} 110. Kg1
{[%clk 0:00:44]} Qh7 {[%clk 0:02:02]} 111. Kh2 {[%clk 0:00:48]} Qf7
{[%clk 0:01:49]} 112. Kg3 {[%clk 0:00:44]} Qh7 {[%clk 0:01:05]} 113. Qb2
{[%clk 0:01:09]} Qf7 {[%clk 0:01:21]} 114. Qb1 {[%clk 0:01:24]} Nc3
{[%clk 0:01:37]} 115. Qb3+ {[%clk 0:00:51]} Nd5 {[%clk 0:02:04]} 116. Kh2
{[%clk 0:00:43]} Qh7 {[%clk 0:01:59]} 117. Bf6 {[%clk 0:00:38]} Qe4
{[%clk 0:01:56]} 118. Qxb7 {[%clk 0:00:37]} Qxf4+ {[%clk 0:02:21]} 119. Kh1
{[%clk 0:00:55]} Qc1+ {[%clk 0:02:41]} 120. Kh2 {[%clk 0:01:24]} Qf4+ 1/2-1/2

[Event "PRAGUE OPEN 2020 - A - IM open"]
[Site "?"]
[Date "2020.01.16"]
[Round "7"]
[White "Priehoda, Vitezslav"]
[Black "Pushkov, Nikolai"]
[Result "1/2-1/2"]
[BlackElo "2239"]
[WhiteElo "2341"]
[LiveChessVersion "1.4.8"]

1. d4 {[%clk 1:30:58]} d5 {[%clk 1:30:47]} 2. c4 {[%clk 1:31:24]} e6
{[%clk 1:31:02]} 3. Nc3 {[%clk 1:31:48]} Be7 {[%clk 1:31:10]} 4. Nf3
{[%clk 1:32:08]} Nf6 {[%clk 1:31:31]} 5. Bf4 {[%clk 1:32:34]} O-O
{[%clk 1:31:27]} 6. e3 {[%clk 1:33:00]} b6 {[%clk 1:31:28]} 7. Rc1
{[%clk 1:31:08]} c5 {[%clk 1:30:34]} 8. dxc5 {[%clk 1:26:57]} bxc5
{[%clk 1:30:21]} 9. Be2 {[%clk 1:25:10]} Bb7 {[%clk 1:21:26]} 10. O-O
{[%clk 1:23:00]} Nbd7 {[%clk 1:19:56]} 11. h3 {[%clk 1:18:29]} Qb6
{[%clk 1:17:16]} 12. cxd5 {[%clk 0:56:12]} Nxd5 {[%clk 1:15:15]} 13. Nxd5
{[%clk 0:52:08]} exd5 {[%clk 1:15:12]} 14. Qc2 {[%clk 0:49:05]} h6
{[%clk 1:13:28]} 15. Rfd1 {[%clk 0:48:46]} Qe6 {[%clk 1:05:29]} 16. Bd3
{[%clk 0:35:30]} Nf6 {[%clk 1:04:51]} 17. Bf5 {[%clk 0:33:01]} Qb6
{[%clk 1:05:13]} 18. Ne5 {[%clk 0:32:37]} Rfd8 {[%clk 0:54:09]} 19. b3
{[%clk 0:27:23]} Bc8 {[%clk 0:53:35]} 20. Bxc8 {[%clk 0:22:52]} Raxc8
{[%clk 0:53:58]} 21. Qf5 {[%clk 0:22:13]} Qe6 {[%clk 0:43:03]} 22. Ng6
{[%clk 0:18:39]} Bf8 {[%clk 0:43:30]} 23. Qxe6 {[%clk 0:19:02]} fxe6
{[%clk 0:43:58]} 24. g4 {[%clk 0:18:49]} Kf7 {[%clk 0:43:06]} 25. Nxf8
{[%clk 0:17:11]} Kxf8 {[%clk 0:43:34]} 26. f3 {[%clk 0:16:24]} Kf7
{[%clk 0:41:42]} 27. Be5 {[%clk 0:13:07]} Nd7 {[%clk 0:39:58]} 28. Bb2
{[%clk 0:13:29]} Nb6 {[%clk 0:39:39]} 29. Kf2 {[%clk 0:12:44]} c4
{[%clk 0:39:46]} 30. Bd4 {[%clk 0:13:09]} cxb3 {[%clk 0:39:00]} 31. axb3
{[%clk 0:13:32]} Rxc1 {[%clk 0:37:27]} 32. Rxc1 {[%clk 0:13:59]} Rd7
{[%clk 0:37:47]} 33. Ke2 {[%clk 0:10:58]} Rb7 {[%clk 0:37:57]} 34. Kd2
{[%clk 0:11:11]} g6 {[%clk 0:35:38]} 35. Ra1 {[%clk 0:10:02]} Nc8
{[%clk 0:33:57]} 36. Kc2 {[%clk 0:09:51]} Ke7 {[%clk 0:33:44]} 37. Bg7
{[%clk 0:07:38]} h5 {[%clk 0:33:59]} 38. gxh5 {[%clk 0:05:33]} gxh5
{[%clk 0:34:27]} 39. Bd4 {[%clk 0:05:49]} Kd6 {[%clk 0:33:38]} 40. f4
{[%clk 0:06:06]} Kc6 {[%clk 0:30:53]} 41. Rg1 {[%clk 0:04:55]} Nd6
{[%clk 0:31:02]} 42. Rg6 {[%clk 0:04:27]} Re7 {[%clk 0:31:15]} 43. Rh6
{[%clk 0:02:58]} Nf5 {[%clk 0:27:57]} 44. Rxh5 {[%clk 0:03:22]} Nxd4+
{[%clk 0:28:14]} 45. exd4 {[%clk 0:03:47]} Rg7 {[%clk 0:25:30]} 46. Rg5
{[%clk 0:04:02]} Rh7 {[%clk 0:25:56]} 47. Rg3 {[%clk 0:04:24]} Rh4
{[%clk 0:26:13]} 48. Rf3 {[%clk 0:04:49]} Kb5 {[%clk 0:26:33]} 49. Kd2
{[%clk 0:05:07]} Kb4 {[%clk 0:26:39]} 50. Ke2 {[%clk 0:03:24]} a5
{[%clk 0:25:38]} 51. Kf2 {[%clk 0:29:31]} Rh6 {[%clk 0:54:55]} 52. Kg3
{[%clk 0:29:39]} Rg6+ {[%clk 0:54:16]} 53. Kh4 {[%clk 0:27:16]} Rg1
{[%clk 0:54:19]} 54. Re3 {[%clk 0:19:34]} Rd1 {[%clk 0:51:50]} 55. Rxe6
{[%clk 0:15:44]} Rxd4 {[%clk 0:52:03]} 56. Kg5 {[%clk 0:13:21]} Kxb3
{[%clk 0:52:05]} 57. f5 {[%clk 0:13:37]} Rd1 {[%clk 0:48:26]} 58. f6
{[%clk 0:12:51]} Rf1 {[%clk 0:47:43]} 59. Re5 {[%clk 0:07:04]} d4
{[%clk 0:46:05]} 60. Rxa5 {[%clk 0:04:43]} d3 {[%clk 0:46:31]} 61. Rd5
{[%clk 0:05:07]} Kc2 {[%clk 0:45:39]} 62. h4 {[%clk 0:05:12]} d2 {[%clk 0:43:24]}
63. h5 {[%clk 0:05:13]} Rg1+ {[%clk 0:41:41]} 64. Kh6 {[%clk 0:04:18]} Rf1
{[%clk 0:35:00]} 65. Kg6 {[%clk 0:04:16]} Rg1+ {[%clk 0:35:27]} 66. Kh7
{[%clk 0:04:22]} Rf1 {[%clk 0:35:33]} 67. Kg7 {[%clk 0:04:48]} Rg1+
{[%clk 0:35:55]} 68. Kf8 {[%clk 0:04:13]} Rh1 {[%clk 0:35:13]} 69. f7
{[%clk 0:03:50]} Rxh5 {[%clk 0:35:31]} 70. Rxh5 {[%clk 0:01:26]} d1=Q
{[%clk 0:35:57]} 71. Rc5+ {[%clk 0:01:53]} Kb3 {[%clk 0:35:52]} 72. Ke7
{[%clk 0:02:04]} Qe1+ {[%clk 0:35:53]} 73. Kf6 {[%clk 0:02:10]} Qh4+
{[%clk 0:35:38]} 74. Rg5 {[%clk 0:02:09]} Qh6+ {[%clk 0:34:21]} 75. Rg6
{[%clk 0:02:31]} Qf8 {[%clk 0:34:26]} 76. Rg8 {[%clk 0:02:34]} Qd6+
{[%clk 0:34:53]} 77. Kg7 {[%clk 0:02:41]} 1/2-1/2